[Event "Yingmei CHN-chT 2018"]
[Site "Shenzhen"]
[Date "2018.04.13"]
[Round "3"]
[White "Fang, Yan"]
[Black "Zou, Chen"]
[Result "1/2-1/2"]
[WhiteElo "2428"]
[BlackElo "2363"]
[Annotator "TA"]
[PlyCount "89"]
[EventDate "2018.??.??"]
[EventCountry "CHN"]
[SourceTitle "playchess.com"]
[Source "ChessBase"]
[SourceQuality "1"]

{[%evp 19,89,31,54,-15,-19,-8,-10,-17,-16,-9,-7,-20,-18,-17,-9,-18,-10,-16,-12,-20,-10,-6,-11,-17,0,0,0,0,0,0,0,0,0,0,0,0,0,0,0,0,0,0,0,0,0,0,0,0,0,0,0,0,0,0,0,0,0,0,0,0,0,0,0,0,0,0,0,0,0,0,0,-12850]} 1. c4 Nf6 2. Nf3 e6 3. Nc3 d5 4. d4 Bb4 5. Bg5 h6 6. Bxf6 Qxf6 7. Qb3 c5 8. cxd5 exd5 {[%cal Be6d5,Bd5d4][%mdl 32]} 9. e3 Nc6 10. dxc5 Be6 {[#] LiveBook: 15 Games. Hoping for ...d4. D38: Queen's Gambit Declined: Ragozin Defence (4 Nf3 Bb4)} 11. a3 $146 (11. Bb5 $14 Bxc5 12. Nxd5 Bxd5 13. Qxd5 Bb4+ 14. Kf1) ({Predecessor:} 11. Bb5 Bxc5 12. O-O Rd8 13. Qa4 Rc8 14. e4 dxe4 15. Nxe4 Qe7 16. Nxc5 Qxc5 17. Rac1 Qb6 18. Nd4 {½-½ (38) Kuljasevic,D (2549)-Krejci,J (2538) Balatonszarszo 2017}) 11... d4 $11 {The position is equal.} 12. Bc4 Bxc4 13. Qxc4 Bxc3+ 14. bxc3 dxe3 $1 15. fxe3 O-O 16. O-O Qe7 17. Nh4 Qxe3+ 18. Kh1 Rae8 {[#] White must now prevent ...Re4.} 19. Nf5 Qe2 20. Qxe2 Rxe2 21. Rab1 Rd8 22. Rxb7 Rdd2 23. Rg1 Rd5 24. Nd4 Nxd4 25. cxd4 Rxd4 {[%mdl 4096] Endgame KRR-KRR} 26. c6 Rc4 27. c7 Rec2 28. Rxa7 Rxc7 29. Rxc7 Rxc7 {KR-KR} 30. Ra1 Kf8 31. a4 Ke7 32. h3 Kd8 33. Kh2 Kc8 34. Kg3 Kb7 35. Rb1+ Ka6 36. Rb4 Ka5 37. Rg4 g6 38. Rf4 Re7 39. h4 Kb6 40. Kf3 Kc5 41. g4 Rb7 42. h5 Ra7 43. hxg6 fxg6 44. Rf6 h5 45. Ke4 $2 {[%mdl 40960] Precision: White = 73%, Black = 93%. . An unexpected result.} (45. gxh5 $11 gxh5 46. Rf5+ Kc4 47. a5) 1/2-1/2

[Event "Yingmei CHN-chT 2018"]
[Site "Shenzhen"]
[Date "2018.04.13"]
[Round "3"]
[White "Chu, Wei Chao"]
[Black "Harikrishna, P.."]
[Result "1/2-1/2"]
[WhiteElo "2399"]
[BlackElo "2727"]
[Annotator "TA"]
[PlyCount "68"]
[EventDate "2018.??.??"]
[EventCountry "CHN"]
[SourceTitle "playchess.com"]
[Source "ChessBase"]
[SourceQuality "1"]

{[%evp 18,68,0,0,0,0,0,0,14,0,0,0,-6,-10,-6,-24,-31,-31,-16,-19,0,0,0,0,0,0,2,-91,-38,-49,-7,-39,-38,-56,-33,-33,-36,-108,-113,-122,0,0,0,0,0,0,8,8,8,0,0,0,0]} 1. d4 d5 2. c4 e6 3. Nf3 a6 4. cxd5 exd5 5. Nc3 Nf6 6. Bg5 {D37: Queen's Gambit Declined: 5 Bf4} Be6 7. e3 Nbd7 8. Be2 (8. Bd3 Bd6 9. Bf4 Qe7 10. O-O O-O 11. h3 Rfe8 12. Qc2 {½-½ (12) Aronian,L (2805)-Carlsen,M (2837) Riadh 2017}) 8... h6 9. Bh4 Bd6 10. O-O {LiveBook: 3 Games} c6 $146 ({Predecessor:} 10... O-O 11. a3 c6 12. Qb3 Rb8 13. Rac1 Re8 {0-1 (56) Dobrov,V (2515)-Georgiev,K (2623) Riadh 2017}) 11. Qc2 Qb8 12. Bg3 O-O 13. Nh4 Bxg3 14. hxg3 Re8 15. Rae1 Qd6 16. Nf5 Bxf5 17. Qxf5 Nf8 18. a3 Re7 19. Rb1 Rae8 20. Rfc1 Ne6 21. b4 Ng5 22. Qc2 {[#]} (22. a4 $11 {keeps the balance.}) 22... g6 (22... Rxe3 $1 $17 {[%mdl 512]} 23. fxe3 Qxg3) 23. a4 Kg7 {next ...Rxe3! is good for Black.} 24. Bf3 h5 25. Ne2 Nfe4 (25... Qd7 {is more complex.} 26. Nf4 Nxf3+ 27. gxf3 g5 28. Ng2 Qh3) 26. Bxe4 Nxe4 27. b5 ({Better is} 27. Nf4 $15) 27... axb5 $17 28. axb5 {[#]} Nxf2 (28... h4 $1 $17 {[%mdl 512] Hoping for ...Nxf2!} 29. bxc6 (29. gxh4 Qf6) 29... bxc6 30. gxh4 Nxf2 31. Kxf2 Rxe3) 29. Kxf2 $11 {[%cal Rb5c6] The position is equal.} Rxe3 30. Nf4 {[#]} h4 $1 {[%mdl 512]} 31. Kg1 {[%cal Rb5c6]} (31. gxh4 Qxf4+) 31... hxg3 32. Rf1 R8e4 33. Qc5 Qxc5 34. dxc5 g5 {Precision: White = 48%, Black = 69%.} 1/2-1/2

[Event "Yingmei CHN-chT 2018"]
[Site "Shenzhen"]
[Date "2018.04.13"]
[Round "3"]
[White "Zhang, Ziji"]
[Black "Wang, Chen"]
[Result "1/2-1/2"]
[WhiteElo "2360"]
[BlackElo "2495"]
[Annotator "TA"]
[PlyCount "60"]
[EventDate "2018.??.??"]
[EventCountry "CHN"]
[SourceTitle "playchess.com"]
[Source "ChessBase"]
[SourceQuality "1"]

{[%evp 18,60,33,38,37,47,51,46,35,37,42,37,51,44,58,9,11,8,21,0,0,0,0,0,0,0,0,0,-7,-10,0,0,0,0,0,0,0,0,0,-5,0,0,0,0,0]} 1. d4 d5 2. c4 e6 3. Nc3 Nf6 4. Nf3 Nbd7 5. Bf4 dxc4 6. e3 {D37: Queen's Gambit Declined: 5 Bf4} b5 7. Nxb5 Bb4+ 8. Nc3 Nd5 9. a3 Nxc3 10. Qd2 {[#] LiveBook: 15 Games} Ne2 $1 {[%mdl 512]} 11. axb4 (11. Kxe2 Bxd2) 11... Nxf4 12. exf4 Bb7 13. Be2 Nb6 {[#]} 14. O-O $146 O-O 15. Ne5 Qd6 16. Rac1 Rfd8 {The position is equal.} 17. Rfd1 Rab8 18. Nxc4 Nxc4 19. Bxc4 Bc6 20. b3 Rxb4 21. Ra1 Bb5 22. Bxb5 Rxb5 23. Rxa7 g6 24. g3 Qb6 25. Qa2 Rxb3 26. Ra8 Rxa8 27. Qxa8+ Qb8 28. Qc6 Qb7 29. Rc1 Qxc6 30. Rxc6 Rb4 {Precision: White = 77%, Black = 74%.} 1/2-1/2

[Event "Yingmei CHN-chT 2018"]
[Site "Shenzhen"]
[Date "2018.04.13"]
[Round "3"]
[White "Lan, Zilun"]
[Black "Wen, Yang"]
[Result "1/2-1/2"]
[WhiteElo "2347"]
[BlackElo "2585"]
[Annotator "TA"]
[PlyCount "137"]
[EventDate "2018.??.??"]
[EventCountry "CHN"]
[SourceTitle "playchess.com"]
[Source "ChessBase"]
[SourceQuality "1"]

{[%evp 16,137,33,12,20,27,17,15,36,24,27,0,20,5,7,16,30,0,66,60,66,53,50,0,0,-15,-15,-18,-6,-6,0,0,0,0,6,-21,-17,-49,0,-45,-45,-120,-97,-122,-38,-104,-107,-105,-95,-83,-39,-48,-30,-40,0,-158,-151,-147,-139,-172,-132,-132,-123,-129,-129,-147,-57,-64,0,-156,-99,-135,-79,-149,0,-135,0,-147,-102,-153,-18,-24,-20,-12,-14,-22,-19,-17,-8,-90,0,0,0,-13,0,0,0,0,0,0,0,-31,0,-6,0,0,0,0,0,0,0,0,0,0,0,0,0,0,0,0,0,0,0,0]} 1. d4 g6 2. e4 d6 3. Nf3 Bg7 4. h3 Nf6 5. Nc3 O-O 6. Be3 a6 7. a4 b6 8. Bc4 e6 9. Qd2 {LiveBook: 7 Games. B08: Pirc Defence: Classical System} (9. O-O Bb7 10. d5 e5 11. Ne1 Qe8 12. Nd3 Nh5 13. Qd2 f5 14. f3 Nd7 15. a5 b5 16. Bb3 Kh8 17. Ne2 Ndf6 18. Qb4 fxe4 19. fxe4 {0-1 (58) Idani,P (2568)-Sethuraman,S (2635) Al Ain 2015}) 9... d5 10. exd5 $146 ({Predecessor:} 10. Bd3 dxe4 11. Nxe4 Nbd7 12. Nxf6+ Nxf6 13. O-O Bb7 14. Qe2 Nd5 15. Bd2 Qd6 16. Be4 Rab8 {½-½ (34) Hertneck,G (2513)-Espig,L (2359) Nuremberg 2009}) 10... exd5 11. Bb3 Nc6 12. Ne5 Na5 13. Ba2 Be6 14. Rd1 Qd6 15. O-O Rfe8 16. Rfe1 Qf8 (16... Ne4 $11 17. Nxe4 dxe4 18. Bxe6 Qxe6) 17. Bg5 $14 Ne4 18. Nxe4 dxe4 19. d5 Bxh3 20. Nxf7 Qxf7 21. gxh3 {Black must now prevent Qf4.} Nb7 $1 22. Qf4 $132 {[%mdl 2048] White is not keeping still} Nd6 23. Qxf7+ $1 Kxf7 24. c3 b5 25. Bf4 Be5 26. Be3 Kf6 27. Bd4 bxa4 28. Bxe5+ (28. Re2 $15) 28... Kxe5 $17 ({Much less strong is} 28... Rxe5 29. Rd4 $15) 29. Rd4 {[#]} Reb8 (29... Rab8 $1 $17 30. Re2 {[#]} a3 $1 {[%mdl 512]} 31. bxa3 Rb5) 30. Re2 {[#]} (30. Bb1 $1 $15) 30... a3 $1 {[%cal Ra3b2][%mdl 512]} 31. bxa3 Rb5 32. f3 Rc5 33. Rd3 $1 Rf8 34. Rde3 Rf4 {Strongly threatening ...Ra5.} 35. Kg2 $2 (35. a4 $11) 35... Ra5 36. Bb1 {[%cal Rb1e4]} Rxa3 ({Don't play} 36... Rxd5 37. Bxe4 Nxe4 38. Rxe4+ Rxe4 39. Rxe4+ Kd6 40. Rh4 $11) 37. Bxe4 Nc4 38. Rd3 Kd6 39. Kg3 Rf7 40. h4 Ne5 (40... a5 $17 41. f4 Re7) 41. Rde3 $15 Nc4 (41... a5 $15 42. Bb1 Nc4 43. Re6+ Kd7) 42. Rd3 $17 Ra1 (42... a5 $142 43. f4 a4) 43. Rh2 Rg7 (43... Rg1+ $142 44. Kh3 Ra1) 44. Rg2 (44. Rd4 $142 Kc5 45. Bd3) 44... Rf7 45. Rh2 $1 Rg7 46. Rg2 $1 Re7 47. Kf4 ({Better is} 47. h5) 47... Ne5 (47... a5 $17 {Threatens to win with ...Rc1.} 48. Rd4 Kc5) 48. Rdd2 $1 $11 Rf7+ 49. Kg3 $1 Nd7 50. Ra2 $1 {[%cal Ra2a1]} Rxa2 51. Rxa2 {[%mdl 4096] Endgame KRB-KRN} Nc5 52. Kg4 (52. Ra5 $11) 52... Re7 ({Black should play} 52... Ke5 $17 53. Bb1 Rf4+ 54. Kg3 Rc4) 53. Kf4 $1 Re8 54. Rh2 Re5 55. Ra2 Rh5 56. Kg4 Re5 57. Kf4 Re8 58. Rh2 Rf8+ 59. Ke3 {The position is equal.} Ke5 60. Rg2 Rf6 61. Rg5+ Kd6 62. h5 gxh5 63. Rxh5 h6 64. Rh2 Ke5 65. Rh5+ Kd6 66. Rh2 Ke5 67. Rh5+ Kd6 68. Rh2 Ke5 69. Rh5+ {Precision: White = 45%, Black = 37%.} 1/2-1/2

[Event "Yingmei CHN-chT 2018"]
[Site "Shenzhen"]
[Date "2018.04.13"]
[Round "3"]
[White "Peng, Hongchi"]
[Black "Zeng, Chongsheng"]
[Result "1/2-1/2"]
[WhiteElo "2312"]
[BlackElo "2542"]
[Annotator "TA"]
[PlyCount "121"]
[EventDate "2018.??.??"]
[EventCountry "CHN"]
[SourceTitle "playchess.com"]
[Source "ChessBase"]
[SourceQuality "1"]

{[%evp 19,121,17,19,20,18,7,8,0,22,0,10,16,5,7,20,14,21,17,79,79,68,64,79,63,55,0,0,0,0,0,0,-81,0,0,22,16,21,7,32,0,18,23,75,78,103,52,56,-131,-147,-135,-143,-202,-175,-257,-267,-197,-199,-223,-214,-319,-310,-320,-283,-260,-133,-142,-148,-149,-133,-116,-11,-19,0,-1,-2,-23,0,-524,-461,-433,-195,-203,-148,-129,0,0,0,0,0,-8,-8,-8,0,0,0,0,0,0,0,0,0,0,0,0]} 1. d4 d5 2. c4 e6 3. Nf3 c6 4. e3 Bd6 5. Nbd2 f5 6. b3 {D30: Queen's Gambit Declined: Systems without Nc3} Nf6 7. Bb2 Ne4 8. Be2 O-O 9. O-O Nd7 10. Ne5 Nxe5 {LiveBook: 5 Games} 11. dxe5 Bb4 12. Nxe4 fxe4 13. Rc1 $146 ({Predecessor:} 13. f3 exf3 14. Rxf3 Bd7 15. a3 Ba5 16. Rxf8+ Qxf8 17. e4 {0-1 (48) Rozum,I (2559)-Khismatullin,D (2654) Khanty-Mansiysk 2015}) 13... Qg5 14. Qd4 {aiming for cxd5.} Be7 15. f4 exf3 16. Rxf3 Rxf3 17. Bxf3 Bd8 18. Rf1 {[%cal Rc4d5]} Bd7 (18... Qe7 $11) 19. cxd5 $16 Bb6 20. Qc4 $1 Bxe3+ 21. Kh1 b5 22. Qd3 (22. Qb4 $1 $14 cxd5 23. Bxd5 $1 {[%mdl 512]}) 22... cxd5 $11 {[#]} 23. Bxd5 $1 {[%mdl 512]} Rd8 $36 {[%mdl 2048] White must now prevent ...Bc8. Black fights for an advantage.} (23... exd5 24. Qxd5+) 24. Be4 {Hoping for Ba3.} Bc6 $1 25. Bxh7+ Kh8 {[%csl Gg5][%cal Rc6g2]} 26. Be4 Bxe4 27. Qxe4 Qf4 {[%cal Rf4f1]} 28. Qb1 (28. Rxf4 $2 {leads to mate.} Rd1+ 29. Rf1 Rxf1#) 28... Bf2 29. Rd1 Rf8 30. Qd3 {Threatening Rf1.} b4 (30... Bb6 $11 {remains equal.}) 31. Rf1 $16 {Strongly threatening Qh3+.} Kg8 32. Qe2 ({White should try} 32. Qg6 $16 Qh6 33. Qxh6 gxh6 34. g4) 32... Qh4 $14 33. Qc4 $2 (33. g4 $14 {stays ahead.}) 33... Qxc4 $17 34. bxc4 {[%mdl 4096] Endgame KRB-KRB} Rd8 $1 35. Bc1 (35. a3 $17 a5 36. Rb1) 35... Bc5 {[%mdl 1024] Black has strong compensation.} 36. g3 (36. Bf4 $142) 36... a5 $19 37. Kg2 {[#]} a4 $1 38. Re1 Rd4 39. Re2 (39. Kf3 $142) 39... Rxc4 40. Bg5 Bd4 41. Be7 b3 (41... Kf7 $19 42. Bd6 g5) 42. axb3 axb3 43. Ba3 Kf7 44. Kf3 {[#]} Ra4 (44... Kg6 $1 $17) 45. Bb2 $11 Bxb2 46. Rxb2 {KR-KR} Rb4 {White should prevent ...Kg6.} 47. h4 g5 48. hxg5 $2 {[%mdl 8192]} (48. h5 $11 {and White stays safe.}) 48... Kg6 $19 49. Ke3 Kxg5 50. Kd2 Kf5 51. Kc3 Rg4 ({Black should play} 51... Rb7 $17) 52. Rg2 $11 {The position is equal.} Kxe5 53. Kxb3 Kd4 54. Kc2 Ke3 55. Kd1 $1 e5 56. Re2+ Kd4 57. Rd2+ Ke4 58. Re2+ Kf5 59. Re3 Ra4 60. Ke2 e4 61. Rb3 {Precision: White = 50%, Black = 48%.} 1/2-1/2

[Event "Yingmei CHN-chT 2018"]
[Site "Shenzhen"]
[Date "2018.04.13"]
[Round "3"]
[White "Xu, Minghui"]
[Black "Bu, Xiangzhi"]
[Result "1-0"]
[WhiteElo "2302"]
[BlackElo "2725"]
[Annotator "TA"]
[PlyCount "63"]
[EventDate "2018.??.??"]
[EventCountry "CHN"]
[SourceTitle "playchess.com"]
[Source "ChessBase"]
[SourceQuality "1"]

{[%evp 30,63,50,36,70,66,65,34,59,22,17,9,46,46,46,37,58,53,70,48,110,104,95,104,144,110,116,122,126,116,292,263,267,53,6095,3659]} 1. Nf3 c5 2. c4 Nc6 3. Nc3 g6 4. e3 Nf6 5. d4 cxd4 6. exd4 d5 7. cxd5 Nxd5 8. Qb3 Nxc3 9. Bc4 Nd5 10. Bxd5 e6 11. Bxc6+ bxc6 12. O-O Qd5 {A35: Symmetrical English: 2 Nc3 Nc6 3 Nf3} 13. Be3 Bd6 14. Rfc1 f6 15. Nd2 {[%cal Bf3d2,Bd2e4,Be4c5][%mdl 32]} Kf7 16. Qc2 {[#] LiveBook: 5 Games} Rb8 $146 ({Predecessor:} 16... Bd7 17. Ne4 Rhb8 18. f3 Be7 19. Qf2 Kg7 20. b3 {1-0 (67) Nepomniachtchi,I (2714)-Vidit,S (2625) Moscow 2015}) 17. Ne4 (17. Qxc6 $6 Rxb2 18. Qc3 Rb7 $11) 17... Be7 18. Nc5 g5 19. Re1 h5 20. b3 h4 21. h3 $1 {[%cal Bh2h3,Bh3g4,Bg4g5,Bg5g6][%mdl 32]} Rb5 22. Rad1 Bd6 23. Qe2 Bc7 24. Rf1 g4 ({Black should try} 24... Rg8 $14) 25. hxg4 $16 ({Don't go for} 25. Qxg4 $2 Rg8 $19) 25... h3 {[%csl Gh3][%cal Rd5g2] [#]} 26. f4 Rh4 27. g5 hxg2 28. Qxg2 Qf5 {[#]} 29. Rf3 $1 $40 {[%cal Rf3g3][%mdl 128] Threatens to win with Rg3. White attacks with force.} ({Don't play} 29. Qxc6 $6 Ba5 $11) 29... Bxf4 $2 (29... Rg4 $16 {was worth a try.} 30. Rg3 Rxg3 31. Qxg3 fxg5 32. Qxg5 Bd6) 30. Bxf4 $18 Rxf4 31. Rg3 $2 ({Resist} 31. gxf6 $6 Rg4 $16) (31. Rxf4 $18 Qxf4 32. gxf6 Qe3+ 33. Kf1) 31... Qd5 $2 {[%mdl 8192]} (31... Rxc5 $14 32. dxc5 Qxc5+ 33. Kh1 Rh4+ 34. Rh3 Qxg5) 32. g6+ {Precision: White = 55%, Black = 34%.} 1-0

[Event "Yingmei CHN-chT 2018"]
[Site "Shenzhen"]
[Date "2018.04.13"]
[Round "3"]
[White "Li, Xueyi"]
[Black "Zhang, Xiaowen"]
[Result "1/2-1/2"]
[WhiteElo "2275"]
[BlackElo "2327"]
[Annotator "NA"]
[PlyCount "67"]
[EventDate "2018.??.??"]
[EventCountry "CHN"]
[SourceTitle "playchess.com"]
[Source "ChessBase"]
[SourceQuality "1"]
[TimeControl "5400+30"]

1. d4 d5 2. c4 e6 3. g3 Nf6 4. Bg2 Bb4+ 5. Bd2 Bd6 6. Nf3 O-O 7. Nc3 c6 8. b3 Nbd7 9. O-O b6 10. e4 {LiveBook: 7 Games} Nxe4 11. Nxe4 dxe4 12. Ng5 Nf6 13. Nxe4 Nxe4 14. Bxe4 Bb7 15. Qc2 f5 16. Bg2 e5 17. c5 bxc5 18. dxe5 Bxe5 19. Bc3 Bd4 20. Bxd4 cxd4 21. Qc4+ Kh8 22. Rfd1 Qb6 23. Rxd4 c5 24. Bxb7 cxd4 25. Bxa8 Rxa8 26. Rd1 Rd8 27. Qf7 Qc5 28. Re1 h6 $14 29. Re7 Rg8 30. Rd7 Qa5 31. Rxd4 Qxa2 32. Kg2 Qc2 33. Qc4 Qxc4 34. Rxc4 1/2-1/2

[Event "Yingmei CHN-chT 2018"]
[Site "Shenzhen"]
[Date "2018.04.13"]
[Round "3"]
[White "Ren, Xiaoyi"]
[Black "Li, Ruofan"]
[Result "1/2-1/2"]
[WhiteElo "2263"]
[BlackElo "2328"]
[Annotator "NA"]
[PlyCount "118"]
[EventDate "2018.??.??"]
[EventCountry "CHN"]
[SourceTitle "playchess.com"]
[Source "ChessBase"]
[SourceQuality "1"]
[TimeControl "5400+30"]

1. d4 Nf6 2. c4 e6 3. g3 d5 4. Bg2 Bb4+ 5. Nd2 O-O 6. a3 Be7 7. Ngf3 b6 8. cxd5 exd5 9. O-O Bb7 10. Ne5 {LiveBook: 6 Games E16: Queen's Indian: 4 g3 Bb7 5 Bg2 Bb4+} (10. b4 a5 11. b5 c6 12. bxc6 Nxc6 13. Bb2 a4 14. Ne5 Nxe5 15. dxe5 Ne4 16. Nxe4 dxe4 17. Qc2 Qd5 {1-0 (57) Fedoseev,V (2718)-Riazantsev,A (2650) St Petersburg 2017}) 10... c5 11. Ndf3 Nbd7 12. Be3 $146 ({Predecessor:} 12. dxc5 bxc5 13. Bf4 Qb6 14. Qc2 Nxe5 15. Nxe5 a5 16. Rfd1 Rfd8 17. Rac1 a4 {½-½ (57) Makhnev,D (2382)-Sisabayev,K (2279) Astana 2017}) 12... Ne4 13. Qa4 Nxe5 14. Nxe5 cxd4 15. Bxd4 Qd6 16. Rac1 Nc5 17. Qc2 Rac8 18. Rfd1 Ne6 19. Bc3 Bf6 20. f4 Qc5+ 21. Kh1 Bxe5 22. fxe5 Rfd8 23. Qd2 Qe7 24. e3 Nc5 25. Qf2 Ne4 26. Bxe4 dxe4 27. Rxd8+ Rxd8 28. Bb4 ({White should try} 28. Kg1 $15) 28... Qxe5 29. Kg1 $17 h6 30. Bc3 Qh5 31. Bd4 Rd7 32. Qf4 Kh7 33. Qe5 Qxe5 34. Bxe5 f6 35. Bd4 h5 36. Rc3 Kg6 37. Kf2 Kg5 38. Rc1 h4 39. Rc3 h3 40. Rc1 Kg4 41. Rc2 Ba6 42. Rc6 Bb5 43. Rc8 g5 44. Rf8 f5 45. Rg8 Rd6 46. Rg7 a5 47. Rf7 Bd7 48. Rf6 Be6 49. a4 Rc6 50. Bc3 Kh5 51. Ke1 g4 52. Be5 Kg5 53. Kd2 Bd7 54. Rxc6 Bxc6 55. Bc7 Bxa4 56. Bxb6 Kf6 57. Kc3 Ke6 58. Kc4 Kd6 59. Bxa5 Ke5 1/2-1/2

[Event "Yingmei CHN-chT 2018"]
[Site "Shenzhen"]
[Date "2018.04.13"]
[Round "3"]
[White "Zhao, Shengxin"]
[Black "Wang, Yu A"]
[Result "1/2-1/2"]
[WhiteElo "2186"]
[BlackElo "2337"]
[Annotator "NA"]
[PlyCount "63"]
[EventDate "2018.??.??"]
[EventCountry "CHN"]
[SourceTitle "playchess.com"]
[Source "ChessBase"]
[SourceQuality "1"]
[TimeControl "5400+30"]

{[%evp 8,40,20,2,5,32767,32767,32767,7,-24,-24,-20,-54,-26,-22,-25,-15,-33,-11,-37,-38,-56,-36,-80,-25,-23,-44,-27,32767,32767,32767,32767,-67,32767,-35]} 1. Nf3 d5 2. e3 c5 3. d4 e6 4. c4 Nf6 {LiveBook: 1899 Games} 5. Nc3 Nc6 6. cxd5 exd5 7. Be2 a6 8. a4 Bd6 9. dxc5 Bxc5 10. O-O O-O 11. b3 {D32: Tarrasch Defence: Sidelines and lines without g3} (11. Nd4 Re8 12. Bf3 Ne5 13. Kh1 Qd6 14. Nce2 Ne4 15. Ng3 Nxf3 16. Qxf3 Bd7 17. Rd1 Bg4 18. Ngf5 Bxf3 19. Nxd6 Bxd1 20. Nxe8 Rxe8 {0-1 (20) Kolly,J (2268)-Stojanovic,M (2588) Lenk 2007}) 11... d4 $146 ({Find the theoretical novelty and annotate with similar games:} 11... Re8 12. Bb2 Bf5 13. Rc1 Bd6 14. Nd4 Nxd4 15. Qxd4 Be5 16. Qb4 Qd7 17. Rfd1 Rac8 18. Bf3 Be6 {0-1 (40) Vovk,O (2142)-Houska,J (2399) Beijing 2008}) 12. exd4 Nxd4 13. Nxd4 Bxd4 14. Bb2 Be6 15. Bc4 (15. Bf3 $11 {remains equal.}) 15... Rc8 (15... Ng4 $17 16. Qe2 (16. Bxe6 Nxf2 17. Rxf2 Bxf2+ 18. Kxf2 Qb6+ 19. Kg3 fxe6 $17) 16... Qd6) 16. Bxe6 fxe6 17. Rc1 e5 18. b4 Kh8 19. Qe2 Qb6 20. Na2 Rxc1 $15 21. Bxc1 Nd5 22. a5 Qc6 23. Be3 Nf4 24. Bxf4 Rxf4 25. Qd2 h6 26. Nc1 Rf8 27. Ne2 Ba7 28. Ng3 e4 29. Qe2 Re8 30. Nf5 Qf6 31. Ne3 Qc3 32. Nd5 1/2-1/2

[Event "Yingmei CHN-chT 2018"]
[Site "Shenzhen"]
[Date "2018.04.13"]
[Round "3"]
[White "Ning, Kaiyu"]
[Black "Zhu, Jiner"]
[Result "1/2-1/2"]
[WhiteElo "2176"]
[BlackElo "2313"]
[Annotator "NA"]
[PlyCount "90"]
[EventDate "2018.??.??"]
[EventCountry "CHN"]
[SourceTitle "playchess.com"]
[Source "ChessBase"]
[SourceQuality "1"]
[TimeControl "5400+30"]

1. d4 Nf6 2. Nf3 e6 3. Bf4 d5 4. e3 c5 5. c3 Nc6 6. Nbd2 Be7 7. Bd3 O-O 8. Ne5 Bd7 {LiveBook: 5 Games} 9. O-O {D02: 1 d4 d5 2 Nf3 sidelines, including 2...Nf6 3 g3 and 2...Nf6 3 Bf4} (9. Qf3 Rc8 10. Qh3 h6 11. Bxh6 gxh6 12. Qxh6 cxd4 13. exd4 Ne4 14. h4 f5 15. Nxe4 fxe4 16. Rh3 Rf5 {1-0 (29) Yushinov,N (2184)-Dadashli,N (2209) Zolochiv 2017}) 9... a6 10. Qf3 Rc8 $146 ({Predecessor:} 10... Ne8 11. Qh5 g6 12. Qh3 Nxe5 13. dxe5 Ng7 14. Bh6 f6 15. Nf3 c4 {½-½ (56) Kennedy,C (1844)-Starley,R (2075) Wakefield 2017}) 11. Qh3 g6 12. Ndf3 Ne4 13. Qh6 Be8 14. Nxc6 Rxc6 {[#]} 15. Bxe4 $1 dxe4 {[#]} 16. Be5 $1 f6 {[#]} 17. Ng5 $16 Rf7 18. Nxf7 Bxf7 19. Bg3 g5 20. dxc5 e5 21. Qh3 Qe8 22. f4 exf4 23. exf4 Bxc5+ 24. Kh1 Be6 25. Qh6 Bc4 26. Rfe1 g4 27. f5 Bd3 28. Qf4 h5 29. Rad1 Qf7 30. Rxe4 Bd6 31. Qe3 Bxe4 32. Qxe4 Bxg3 33. hxg3 Rc7 34. Kg1 Kg7 35. Rd5 Re7 36. Qd4 Qe8 37. Rd6 Rf7 38. c4 Qe1+ 39. Kh2 Qb1 40. Qd5 h4 41. gxh4 Qe1 42. Rd7 Qxh4+ 43. Kg1 Qe1+ 44. Kh2 Qh4+ 45. Kg1 Qe1+ 1/2-1/2

[Event "Yingmei CHN-chT 2018"]
[Site "Shenzhen"]
[Date "2018.04.13"]
[Round "3"]
[White "Xu, Yuze"]
[Black "Vo, Thi Kim Phung"]
[Result "1-0"]
[WhiteElo "2021"]
[BlackElo "2393"]
[Annotator "ChessBase"]
[PlyCount "107"]
[EventDate "2018.??.??"]
[EventCountry "CHN"]
[SourceTitle "playchess.com"]
[Source "ChessBase"]
[SourceQuality "1"]
[TimeControl "5400+30"]

1. e4 e6 2. d4 d5 3. Nd2 Nf6 4. e5 Nfd7 5. Bd3 c5 6. c3 Nc6 7. Ne2 Be7 8. O-O b6 9. a3 a5 10. f4 g6 11. a4 cxd4 12. Nxd4 Nxd4 13. cxd4 Ba6 14. Bb5 Bxb5 15. axb5 Qc7 16. Nf3 Qc4 17. Qa4 Rc8 18. Qxc4 Rxc4 19. Bd2 Bb4 20. b3 Rxd4 21. Nxd4 Bxd2 22. Nc6 O-O 23. g3 Nb8 24. Nxb8 Rxb8 25. Rad1 Be3+ 26. Kg2 Rc8 27. Rd3 d4 28. Kf3 Rc5 29. Ke4 Rxb5 30. g4 Kf8 31. Rb1 Rb4 32. Ra1 Ke7 33. Ra4 Rb5 34. Rc4 Kd7 35. f5 Rc5 36. Rxc5 bxc5 37. fxg6 fxg6 38. Rd1 g5 39. Ra1 Bd2 40. Kd3 Bf4 41. Rxa5 Kc6 42. Kc4 Bxe5 43. Rxc5+ Kd6 44. Ra5 Bf6 45. Ra6+ Kd7 46. Ra7+ Kd6 47. Rxh7 Be5 48. h4 gxh4 49. Rxh4 Bg3 50. Rh3 Bf2 51. g5 Ke7 52. g6 Be1 53. Rf3 e5 54. g7 1-0

[Event "Yingmei CHN-chT 2018"]
[Site "Shenzhen"]
[Date "2018.04.13"]
[Round "3"]
[White "Zhou, Zirun"]
[Black "Wang, Jue"]
[Result "0-1"]
[WhiteElo "1993"]
[BlackElo "2365"]
[Annotator "NA"]
[PlyCount "96"]
[EventDate "2018.??.??"]
[EventCountry "CHN"]
[SourceTitle "playchess.com"]
[Source "ChessBase"]
[SourceQuality "1"]
[TimeControl "5400+30"]

1. d4 Nf6 2. c4 e6 3. Nf3 d5 4. Nc3 c5 5. cxd5 Nxd5 6. e4 Nxc3 7. bxc3 cxd4 8. cxd4 Bb4+ 9. Bd2 Bxd2+ 10. Qxd2 O-O 11. Bc4 {LiveBook: 796 Games} Nd7 12. O-O {D41: Queen's Gambit Declined: Semi-Tarrasch with 5 cxd5} b6 13. a4 Bb7 {[#]} 14. Qf4 $146 ({Predecessor:} 14. Bd3 Nf6 15. Rfe1 h6 16. a5 bxa5 17. Rxa5 Qc7 18. Qb4 Rfb8 19. Qa3 Rc8 {½-½ (59) Svidler,P (2755)-Kramnik,V (2811) Sochi 2017}) 14... Rc8 15. Rfc1 Nf6 16. Bd3 Qe7 17. h3 h6 18. a5 Rxc1+ 19. Rxc1 Qa3 20. Rc7 Qxd3 21. Rxb7 bxa5 22. Rxa7 a4 23. Qe3 Qb1+ 24. Qe1 Rb8 25. Rxa4 Qxe1+ 26. Nxe1 Rb1 27. Kf1 Nxe4 28. f3 $17 (28. Ra8+ $11 {remains equal.} Kh7 29. Ke2) 28... Nc3 29. Rc4 Nd5 30. Ke2 Nf4+ 31. Kd2 g5 32. Rc2 Kg7 33. Rc4 Kg6 34. Rc7 Rb4 35. Nc2 Rb3 36. g3 Nd5 37. Ra7 Rxf3 38. Ra3 Rf2+ 39. Kd3 Rh2 40. Ne3 Nxe3 41. Kxe3 Rxh3 42. Kf3 Rh2 43. Rd3 h5 44. d5 exd5 45. Rxd5 g4+ 46. Ke3 Rg2 47. Kf4 Rf2+ 48. Ke4 Rf3 0-1